|
|
|
|
| LEADER |
00000cam a2200000 7i4500 |
| 001 |
0000002371 |
| 005 |
20151222.0 |
| 008 |
070712 |
| 020 |
|
|
|a 9830573176(set)
|
| 020 |
|
|
|a 9830573192
|
| 090 |
0 |
0 |
|a JF
|b AD MAL (2625)
|
| 100 |
0 |
|
|a Mohd. Hadi
|
| 245 |
1 |
0 |
|a Penyelidikan gila
|c Mohd. Hadi
|
| 260 |
|
|
|a Kuala Lumpur :
|b Goodmark Enterprise ,
|c 2004
|
| 440 |
|
0 |
|a Siri sains fiksyen cryterion
|
| 500 |
|
|
|a Children ages 7-9 years old (orange)
|
| 650 |
|
0 |
|a Malay fiction
|
| 650 |
|
0 |
|a Sains fiction, Malay
|
| 710 |
0 |
|
|a Series
|
| 710 |
0 |
|
|a Title
|
| 999 |
|
|
|a 0000014847
|b Book
|c Children Collection
|e Cawangan Taman Universiti
|
| 999 |
|
|
|a 0000014848
|b Book
|c Children Collection
|e Cawangan Taman Universiti
|
| 999 |
|
|
|a 0000014849
|b Book
|c Children Collection
|e Cawangan Taman Universiti
|
| 999 |
|
|
|a 0000014850
|b Book
|c Children Collection
|e Cawangan Taman Universiti
|
| 999 |
|
|
|a 0000859676
|b Book
|c Children Collection
|e Cawangan Tmn. Ungku Tun Aminah
|
| 999 |
|
|
|a 0000859677
|b Book
|c Children Collection
|e Cawangan Tmn. Ungku Tun Aminah
|
| 999 |
|
|
|a 0000968742
|b Book
|c Children Collection
|e Perbadanan Perpustakaan Awam Johor
|
| 999 |
|
|
|a 0000968743
|b Book
|c Children Collection
|e Perbadanan Perpustakaan Awam Johor
|
| 999 |
|
|
|a 0000968745
|b Book
|c Children Collection
|e Perbadanan Perpustakaan Awam Johor
|
| 999 |
|
|
|a 0000968746
|b Book
|c Children Collection
|e Perbadanan Perpustakaan Awam Johor
|
| 999 |
|
|
|a 000911518
|b Book
|c Teenagers
|e Cawangan Bandar Tenggara
|